00552nam a2200157 a 450000100100000000500170001000800410002704000250006824500500009326000760014330000170021950500270023604900090026395201050027299900170037700002430320200930022907.0110126s1971 dr 001 0 spa d aDO-SdBNPbspacBNPHU00aProyecto integrado desarrollo agropecuario /. aSanto Domingo :bUniversidad Nacional Pedro Henríquez Ureña,c1971. av. ;c28 cm.2 av. 3, Centro de recria aBNPD 0010718PDaPDbPDcCTd2011-01-26iLF1l0o p24303-10r2020-06-25w2020-06-25yLFPDZNo se presta c23796d23796